000 00590nam a2200205Ia 4500
003 GCL
008 140319s9999 xx 000 0 eng d
020 _a9774245938
040 _aGCL /
_cGCL
082 0 4 _a956
_bH B
100 1 _aHUMPHREYS, STEPHEN
245 1 0 _aBETWEEN MEMORY AND DESIRE /
_cHUMPHREYS, STEPHEN
260 _aالقاهرة :
_bTHE AMERICAN UNIVERSITY IN CAIRO PRESS ،
_c1997
300 _a24 CM ؛
_c297 P
650 0 4 _aMIDDLE EAST - FORIEGN RELATION
650 0 4 _aMIDDLE EAST
650 0 4 _aMIDDLE EAST - HISTORY
650 0 4 _aPOLITICAL SCIENCE
942 _2ddc
_cBK
999 _c1464
_d1464